00578nam a22002057a 450000100060000000300080000600500170001400800410003103500190007204000260009104100080011708200210012510000260014624500610017226000330023330000200026649000240028650400510031065100110036126151BD-RjUL20211209050958.0140320s1962 ny 001 0 eng d a(BD-RjUL)26221 aBD-RjULbengcBD-RjUL aeng a951.05bBUP 19621 aBuss, Claude Albert. 04aThe People's Republic of China /cby Claude Albert Buss. aNew Jersy :bD. Van,cc1962. a188 p. ;c19 cm1 aAnvil originalv61. aIncludes bibliographical references and index. 0aChina.